| 000 | 00496nam a2200181Ia 4500 | ||
|---|---|---|---|
| 003 | GCL | ||
| 008 | 140319s9999 xx 000 0 ara d | ||
| 040 |
_aGCL / _cGCL |
||
| 082 | 0 | 4 |
_a953 _bا ث |
| 100 | 1 | _aاحمد علبيى | |
| 245 | 1 | 0 |
_aثورة العبيد فى الاسلام / _cاحمد علبيى |
| 490 | _a | ||
| 650 | 0 | 4 | _aالاسلام - تاريخ |
| 650 | 0 | 4 | _aعنترة بن شداد |
| 650 | 0 | 4 | _aالتاريخ - ثورات |
| 650 | 0 | 4 | _aالعبيد |
| 942 |
_2ddc _cBK |
||
| 999 |
_c38472 _d38472 |
||